Recent advances in biodiversity and climate change studies in India (Record no. 66399)

MARC details
000 -LEADER
fixed length control field 00715nam a2200217Ia 4500
100 ## - MAIN ENTRY--AUTHOR NAME
Personal name Behra M.D
245 #0 - TITLE STATEMENT
Title Recent advances in biodiversity and climate change studies in India
260 ## - PUBLICATION, DISTRIBUTION, ETC. (IMPRINT)
Name of publisher Biodiversity and Conservation
Year of publication 2019
300 ## - PHYSICAL DESCRIPTION
Number of Pages 1943-1951
520 ## - SUMMARY, ETC.
Summary, etc Biodiversity is continually transformed by a changing climate. Conditions change across the (ADD FROM DL 2019)
650 ## - SUBJECT ADDED ENTRY--TOPICAL TERM
Topical Term Acoustic diversity
650 ## - SUBJECT ADDED ENTRY--TOPICAL TERM
Topical Term Biomass
650 ## - SUBJECT ADDED ENTRY--TOPICAL TERM
Topical Term Environmental heterogeneity
650 ## - SUBJECT ADDED ENTRY--TOPICAL TERM
Topical Term Remote sensing
650 ## - SUBJECT ADDED ENTRY--TOPICAL TERM
Topical Term Species distribution model
700 ## - ADDED ENTRY--PERSONAL NAME
Personal name Behera S.K
700 ## - ADDED ENTRY--PERSONAL NAME
Personal name Sharma S
856 ## - ELECTRONIC LOCATION AND ACCESS
Uniform Resource Identifier Online (Bibli details only)
942 ## - ADDED ENTRY ELEMENTS (KOHA)
Koha item type Journals
Holdings
Withdrawn status Lost status Damaged status Not for loan Home library Current library Shelving location Date acquired Serial Enumeration / chronology Koha item type
      Journals RRII Library RRII Library Climate change 17/12/2021 Volume 28, Issue 09-Aug Journals